| 000 | 00965cam a22003137a 4500 | ||
|---|---|---|---|
| 003 | CHAP | ||
| 005 | 20220817041408.0 | ||
| 008 | 971013s1974 r 00010 d | ||
| 010 | _a13223 | ||
| 011 | _a14195 | ||
| 035 | _a18268 | ||
| 040 | _cCHAP | ||
| 090 | _aFolleto 5411 | ||
| 100 | 0 | 0 |
_aGómez Gil, José. _949709 |
| 245 | 1 | 3 | _aLa veza vellosa |
| 260 |
_aMadrid : _bMinisterio de Agricultura, _c1974 |
||
| 300 |
_a16 p. _b: ilus. |
||
| 490 | 0 |
_aMinisterio de Agricultura. Hojas divulgadoras _v; 7-74 |
|
| 590 |
_aBATCH-UPD _b10 _c20130110 _lUCH01 _h2056 |
||
| 590 |
_aBATCH-UPD _b10 _c20130410 _lUCH01 _h1409 |
||
| 590 |
_aBATCH-UPD _b10 _c20130914 _lUCH01 _h1920 |
||
| 590 |
_aCONVERSION _b10 _c20130109 _lUCH01 _h1309 |
||
| 650 | 1 | 4 |
_aPlantas forrajeras. _988943 |
| 650 | 1 | 4 |
_aVeza. _9119028 |
| 830 | 0 |
_aMinisterio de Agricultura. Hojas divulgadoras _v; 7-74 |
|
| 901 | _aBK | ||
| 942 | _cFOLL | ||
| 949 |
_aFolleto 5411 _bBC _cFOLL _d-42659 _eTS1 _i18268 _mD _si |
||
| 999 |
_c13223 _d13223 |
||